Loop yagi array antennas /.

Bibliographic Details
Main Author: Raphael, Fouad Antoine
Other Authors: Parker, Donald (degree committee member.)
Format: Thesis Book
Language:English
Published: [College Station, Tex.] : Raphael, 1979.
Subjects:
Online Access:Link to ProQuest copy
Link to OAKTrust copy

MARC

Tag First Indicator Second Indicator Subfields
LEADER 00000cam a2200000Ii 4500
001 in00000041597
005 20220104090814.0
008 800612s1979 txua bm 000 0 eng d
035 |9 AAF1848AM 
035 |a (OCoLC)06411912 
035 |a (OCoLC)6411912 
035 |a (OCoLC)ocm06411912 
040 |a TXA  |b eng  |c TXA  |d OCLCQ  |d OCLCF  |d OCLCO  |d OCLCQ  |d TXA  |d UtOrBLW 
049 |a TXAM 
099 |a 1979  |a Dissertation  |a R217 
100 1 |a Raphael, Fouad Antoine. 
245 1 0 |a Loop yagi array antennas /. 
264 1 |a [College Station, Tex.] :  |b Raphael,  |c 1979. 
300 |a vi, 71 leaves :  |b illustrations ;  |c 29 cm 
336 |a text  |b txt  |2 rdacontent 
337 |a unmediated  |b n  |2 rdamedia 
338 |a volume  |b nc  |2 rdacarrier 
500 |a "Major subject: Electrical Engineering." 
500 |a Vita. 
502 |c Texas A & M University 
504 |a Includes bibliographical references (leaves 68-70). 
520 3 |a A novel technique for the derivation of the current distrbutions on array antenna elements is presented. The analysis is carried out for an array of loops with arbitrary circunferences and spacings. The simultaneous integral-differential equations describing the array are reduced to a set of linear simultaneous equations by Fast Fourier Transformation and deconvolution of the Green's function and the driving condition. It is shown that numerical implementation of this solution is relatively simple and requires short computational time and moderate storage memory. The results for simple cases are compared to previously available data. Several computed curves of the gain, front to back ratio, and input impedance corresponding to arrays of two and three element loop antennas are given. Some radiation patterns are also shown. This data is further experimentally substantiated. 
650 0 |a Antenna arrays.  |0 http://id.loc.gov/authorities/subjects/sh85005503 
650 4 |a Major electrical engineering. 
655 7 |a Academic theses.  |2 lcgft  |0 http://id.loc.gov/authorities/genreForms/gf2014026039 
700 1 |a Eknoyan, Ohannes,  |e degree supervisor. 
700 1 |a German, John P.,  |e degree supervisor. 
700 1 |a Parker, Donald,  |e degree committee member.  |0 http://id.loc.gov/authorities/names/no2019133096 
710 2 |a Texas A & M University,  |e degree granting institution.  |0 http://id.loc.gov/authorities/names/n80125885 
856 4 1 |u http://proxy.library.tamu.edu/login?url=http://proquest.umi.com/pqdweb?did=752365161&sid=1&Fmt=2&clientId=2945&RQT=309&VName=PQD  |z Link to ProQuest copy  |t 0 
856 4 1 |u https://hdl.handle.net/1969.1/DISSERTATIONS-56021  |z Link to OAKTrust copy  |t 0 
994 |a C0  |b TXA 
999 f f |s 11b507f9-5a2b-366d-b647-9eed823e41ce  |i b0896253-3e1d-305d-9bd9-440a6413afe7  |t 0 
952 f f |p noncirc  |a Texas A&M University  |b J.J. Pickle Campus  |c High Density Repository  |s HDR  |d Remote Storage  |t 0  |e 1979 Dissertation R217  |h Other scheme  |i unmediated -- volume  |m A14840996921 
952 f f |a Texas A&M University  |b College Station  |c Electronic Resources  |s www_evans  |d Available Online  |t 0  |e 1979 Dissertation R217  |h Other scheme 
998 f f |a 1979 Dissertation R217  |t 0  |l Available Online 
998 f f |a 1979 Dissertation R217  |t 0  |l Remote Storage